000 01418cam a22003377a 4500
999 _c329689
_d329689
001 14956331
003 NUST
005 20170518111739.0
008 070807s2006 ne a b 001 0 eng d
010 _a 2007278709
020 _a0750650591 (pbk.)
020 _a9780750650595 (pbk.)
035 _a(OCoLC)ocm64208994
040 _aSISPL
_cSISPL
_dSISPL
_dBAKER
_dCUS
_dDAY
_dHNK
_dYDXCP
_dBTCTA
_dDLC
042 _alccopycat
050 0 0 _aTA681
_b.M355 2006
082 _a624.1834094 MAR
100 1 _aMartin, L. H.
_q(Laurence Harold)
_91029
245 1 0 _aConcrete design to EN 1992 /
_cL.H. Martin, J.A. Purkiss.
250 _a2nd ed.
260 _aAmsterdam ;
_aBoston :
_bElsevier Butterworth-Heinemann,
_cc2006.
300 _axv, 375 p. :
_bill. ;
_c25 cm.
500 _aEarlier ed. has title: Structural design in concrete to BS 8110.
504 _aIncludes bibliographical references and index.
650 0 _aConcrete construction.
_91030
650 0 _aConcrete construction
_xStandards
_zEuropean Union countries.
_91031
700 1 _aPurkiss, J. A.
_91032
740 0 _aStructural design in concrete to BS 8110.
856 4 2 _3Publisher description
_uhttp://www.loc.gov/catdir/enhancements/fy0742/2007278709-d.html
856 4 1 _3Table of contents
_uhttp://www.loc.gov/catdir/toc/fy0801/2007278709.html
906 _a7
_bcbc
_ccopycat
_d2
_encip
_f20
_gy-gencatlg
942 _2ddc
_cBK